000 00602nam a2200241 a 4500
001 nice12345678
003 IN_TiNIC
005 20260116013123.0
008 050524s1995 lona grp 000 0 eng
020 _a0722593
_c325
082 0 0 _a294.3
_bHAN
100 _aHanh, Thich Nhat
245 _aZen Keys
_b a Guide to Zen Practice
260 _aLondon
_bHarper Collins
_c1995
300 _a193p
500 _aincludes index and biblioraphy
505 2 _aBibliography, Index
650 _aBuddhism-Zen
700 1 _aHanh, Thich Nhat
902 _bSRS
942 _cBK
999 _c9737
_d9737